00329 a2200133 450000100060000002000180000604000220002410000240004624000480007024500430011830000080016136200090016965000170017868418 a9788516117283 cAnchieta - Pituba aRamos, Mozart Neves10aSem educação não haverá futurolpor10aSem educação não haverá futuro a1040 a2019 4aEducação